00239nam a2200097Ia 4500008004100000082001400041100002400055245003600079260001800115600000800133241002s9999 xx 000 0 und d a741.5 GUA aGuaveschi, Giovamai 4aThe little world of Don Camillo aLondon:c1963 aArt